Overview of particulate matter pollution in Athens and Kozani : διατριβή
Αποθηκεύτηκε σε:
| Κύριος συγγραφέας: | |
|---|---|
| Συγγραφή απο Οργανισμό/Αρχή: | |
| Άλλοι συγγραφείς: | |
| Μορφή: | Thesis Βιβλίο |
| Γλώσσα: | English |
| Δημοσίευση: |
2009
|
| Θέματα: | |
| Διαθέσιμο Online: | http://hdl.handle.net/11610/15018 |
| Ετικέτες: |
Προσθήκη ετικέτας
Δεν υπάρχουν, Καταχωρήστε ετικέτα πρώτοι!
|
MARC
| LEADER | 00000cam a2200000 i 4500 | ||
|---|---|---|---|
| 001 | 1/1821 | ||
| 008 | 091001s2009 eng d | ||
| 035 | |l 10105746 | ||
| 040 | |a GR-MY-UA |b gre |e aacr | ||
| 041 | 0 | |a eng | |
| 082 | 0 | |a 628.53 |2 (22) | |
| 100 | 1 | |a Τριανταφύλλου, Ελένη. | |
| 245 | 1 | 0 | |a Overview of particulate matter pollution in Athens and Kozani : |b διατριβή / |c Eleni Tryantafyllou ; supervisor: George Biskos |
| 260 | |c 2009 | ||
| 300 | |a xiv, 95 σ.; |b πιν., σχ.; |c 30 εκ. | ||
| 500 | |a Βιβλιογραφία: σ. 93-95 | ||
| 502 | |a Διατριβή (μεταπτυχιακή) – Πανεπιστήμιο Αιγαίου, Λέσβος, 2009. | ||
| 650 | 0 | 0 | |a Air |x Pollution |z Greece |z Athens. |
| 650 | 0 | 0 | |a Air |x Pollution |z Greece |z Kozane (Nome) |
| 650 | 0 | |a Air |x Pollution |z Greece |z Kozane (Nome) |x Measurement. | |
| 650 | 0 | |a Air |x Pollution |z Greece |z Athens |x Measurement. | |
| 650 | 0 | 0 | |a Dissertations, Academic |z Greece. |
| 700 | 1 | |4 ths |a Μπίσκος, Γεώργιος. | |
| 710 | 2 | |a Πανεπιστήμιο Αιγαίου |b Σχολή Περιβάλλοντος |b Τμήμα Περιβάλλοντος |b Πρόγραμμα Μεταπτυχιακών Σπουδών Περιβαλλοντική Πολιτική και Διαχείριση. | |
| 852 | |a INST |b LESVOS |c DIATR |e 20091001 |h 581 |p 005100046367 |q 005100046367 |t MTXE |y 23 | ||
| 852 | |a INST |b LESVOS |c DIATR |e 20091001 |h 582 |p 005100046368 |q 005100046368 |t MTXE |y 23 | ||
| 856 | |u http://hdl.handle.net/11610/15018 | ||
| 901 | |a BIBL1-2009-3 | ||
| 909 | |a Λ |b 159424 | ||
| 909 | |a Λ |b 159425 | ||
| 924 | |a ΤΡΙΑΝΤΑΦΥΛΛΟΥ |b ΕΛΕΝΗ |y ΛΕΣΒΟΣ |z 2009-04 | ||
| 970 | |a ΤΖΑΦΕΡΗ |b ΕΥΑΓΓΕΛΙΑ |z 2009/10/01 | ||